Janaka-jananī. (Record no. 69667)

MARC details
000 -LEADER
fixed length control field 00447cam a22001931 4500
001 - CONTROL NUMBER
control field sa 66004906
003 - CONTROL NUMBER IDENTIFIER
control field DLC
005 - DATE AND TIME OF LATEST TRANSACTION
control field 20260227112245.0
008 - FIXED-LENGTH DATA ELEMENTS--GENERAL INFORMATION
fixed length control field 881028s1965 xx 000 0 beno
010 ## - LIBRARY OF CONGRESS CONTROL NUMBER
LC control number sa 66004906
035 ## - SYSTEM CONTROL NUMBER
System control number (OCoLC)23573687
040 ## - CATALOGING SOURCE
Original cataloging agency DLC
Transcribing agency MiU
Modifying agency DLC
050 00 - LIBRARY OF CONGRESS CALL NUMBER
Classification number PK1730.12.S5
Item number J3
100 1# - MAIN ENTRY--PERSONAL NAME
Personal name Ashraf, Shaheed.
245 10 - TITLE STATEMENT
Title Janaka-jananī.
260 ## - PUBLICATION, DISTRIBUTION, ETC.
Date of publication, distribution, etc. [1965]
300 ## - PHYSICAL DESCRIPTION
Extent 88 p.
Dimensions 19 cm.
500 ## - GENERAL NOTE
General note Romanized.

No items available.

Powered by Koha